000 00542nam a2200193Ia 4500
001 15394
003 GE_BSU
008 181216s||||||||xx |||||||||||||| ||und||
040 _cGE_BSU
080 _a821.353.1-1
100 _aქუთათელი, ა.
245 _aთხზულებანი 4 ტომად. ტ.3
260 _aთბილისი
260 _bსაბჭოთა საქართველო
260 _c1974
300 _a481გვ.20სმ.
653 _aმოთრობები
942 _cBK
999 _c48498
_d48498